MLB Opening Day Lineups 2023 - Statistics

General Stats
  • This quiz has been taken 531 times
  • The average score is 110 of 270
Answer Stats
Answer % Correct
1 SS Trea Turner
81%
3 DH Justin Turner
80%
2 CF Aaron Judge
73%
1 CF Cedric Mullins
73%
3 C J.T. Realmuto
71%
2 SS Wander Franco
71%
3 C Will Smith
71%
4 1B Dominic Smith
70%
9 LF Josh H. Smith
69%
1 RF Ronald Acuña Jr
69%
1 1B Yandy Díaz
68%
3 SS Aledmys Díaz
67%
3 1B Anthony Rizzo
67%
7 C Elias Díaz
67%
2 DH Kyle Schwarber
67%
6 DH Yainer Diaz
67%
2 C Adley Rutschman
66%
2 1B Matt Olson
66%
4 RF Giancarlo Stanton
65%
4 3B Nolan Arenado
65%
3 1B Paul Goldschmidt
65%
3 3B Austin Riley
64%
7 2B Brandon Lowe
64%
7 LF Bryan De La Cruz
64%
1 LF Christian Yelich
64%
3 1B Nathaniel Lowe
64%
4 2B Ozzie Albies
64%
4 CF Adolis Garcia
63%
2 SS Corey Seager
63%
4 DH Josh Bell
63%
7 2B Luis Garcia
63%
6 RF Avisail Garcia
62%
3 3B Manny Machado
62%
4 1B Ryan Mountcastle
62%
3 1B Vladimir Guerrero Jr.
62%
2 SS Dansby Swanson
61%
2 1B Freddie Freeman
61%
2 LF Juan Soto
61%
2 CF Mike Trout
61%
4 LF Randy Arozarena
61%
5 C William Contreras
61%
7 3B Alec Bohm
60%
2 SS Bo Bichette
60%
5 DH Harold Ramírez
60%
3 3B Jose Ramírez
60%
2 2B Ketel Marte
60%
1 2B Marcus Semien
60%
1 RF Mookie Betts
60%
3 P/DH Shohei Ohtani
60%
2 RF Starling Marte
60%
5 C Wilson Contreras
60%
4 CF Cody Bellinger
59%
3 SS Francisco Lindor
59%
5 DH Gunnar Henderson
59%
1 SS Oneill Cruz
59%
4 1B Pete Alonso
59%
2 3B Rafael Devers
59%
7 SS Brandon Crawford
58%
8 RF Brian Anderson
58%
5 C Sean Murphy
58%
1 SS Tim Anderson
58%
3 LF Anthony Santander
57%
9 SS Jorge Mateo
57%
9 SS J.P. Crawford
57%
1 CF Julio Rodríguez
57%
7 CF Michael Harris II
57%
7 RF Austin Hays
56%
1 RF Lane Thomas
56%
3 LF Yordan Alvarez
56%
2 3B Alex Bregman
55%
9 SS Anthony Volpe
55%
9 SS CJ Abrams
55%
9 C Roberto Pérez
55%
3 C Salvaldor Perez
55%
1 CF Brandon Nimmo
54%
9 CF Esteury Ruiz
54%
1 RF George Springer
54%
5 3B Josh Donaldson
54%
5 C Keibert Ruiz
54%
5 C Alejandro Kirk
53%
9 CF Brandon Marsh
53%
9 SS Kike Hernández
53%
9 SS Tommy Edman
53%
4 SS Xander Bogaerts
53%
1 SS Bobby Witt Jr.
52%
2 SS Carlos Correa
52%
4 1B Christian Walker
52%
4 1B CJ Cron
52%
6 DH Gleyber Torres
52%
8 RF Jordan Walker
52%
5 RF Nick Castellanos
52%
4 RF Teoscar Hernández
52%
6 2B Bryson Stott
51%
1 SS Jeremy Peña
51%
8 2B Ji Hwan Bae
51%
7 3B Matt Chapman
51%
7 DH Miguel Cabrera
51%
7 LF Oswaldo Cabrera
51%
4 3B Anthony Rendon
50%
5 2B Jeff McNeil
50%
5 RF Kyle Tucker
50%
6 LF Marcell Ozuna
50%
3 SS Willy Adames
50%
4 1B Jose Abreu
49%
9 SS Orlando Arcia
49%
8 2B Adam Frazier
48%
1 RF Alex Verdugo
48%
1 2B Luis Arraez
48%
2 SS Amed Rosario
47%
8 2B Ha-Seong Kim
47%
2 SS Javier Báez
47%
6 C Jonah Heim
47%
2 CF Luis Robert Jr.
47%
6 3B Ramón Urías
47%
4 1B Rowdy Tellez
47%
1 LF Steven Kwan
47%
7 CF Corbin Carroll
46%
4 CF Jazz Chisholm Jr.
46%
1 2B Jonathan India
46%
8 C Jose Trevino
46%
6 3B Luis Urías
46%
1 CF Trent Grisham
46%
1 2B DJ LeMahieu
45%
4 3B Max Muncy
45%
3 DH Byron Buxton
44%
5 1B Jake Cronenworth
44%
5 3B Josh Jung
43%
2 2B Kolten Wong
43%
1 2B Nico Hoerner
43%
3 1B Ty France
43%
7 C Austin Nola
42%
3 DH Charlie Blackmon
41%
3 LF Ian Happ
41%
5 DH J.D. Martinez
41%
2 RF Kris Bryant
41%
3 LF Lourdes Gurriel Jr.
41%
2 LF Bryan Reynolds
40%
2 DH Joey Meneses
40%
4 LF Daulton Varsho
39%
8 CF Victor Robles
39%
6 2B Andres Gimenez
38%
6 DH Brandon Belt
38%
4 DH Joc Pederson
38%
9 CF Michael A. Taylor
38%
5 1B Spencer Torkelson
38%
5 C Cal Raleigh
37%
3 3B Isaac Paredes
37%
3 3B Jaimer Candelario
37%
5 DH Jorge Soler
37%
5 1B Josh Naylor
37%
4 LF Masataka Yoshida
37%
6 C Yan Gomes
37%
7 C Yasmani Grandal
37%
6 3B Eugenio Suárez
36%
9 CF Jose Siri
36%
6 3B Ke'Bryan Hayes
36%
9 SS Miguel Rojas
36%
8 DH Travis d'Arnaud
36%
8 C Christian Bethancourt
35%
9 CF Kevin Kiermaier
35%
2 LF Lars Nootbaar
35%
8 3B Patrick Wisdom
35%
7 DH Daniel Vogelbach
34%
8 3B Eduardo Escobar
34%
5 3B Evan Longoria
34%
1 1B LaMonte Wade Jr.
34%
7 DH Nolan Gorman
34%
3 CF Riley Greene
34%
1 LF Taylor Ward
34%
4 C Tyler Stephenson
34%
8 2B Whit Merrifield
34%
4 1B Carlos Santana
33%
8 CF James Outman
33%
8 C Martin Maldonado
33%
6 DH Matt Carpenter
33%
6 1B Tristan Casas
33%
6 CF Tyler O'Neill
33%
5 3B Yoán Moncada
33%
3 DH Andrew McCutchen
32%
3 1B Garrett Cooper
32%
9 CF Miles Straw
32%
4 1B Darick Hall
31%
4 DH Eloy Jiménez
31%
7 1B Eric Hosmer
31%
5 RF Hunter Renfroe
31%
8 C Jacob Stallings
31%
6 RF Manuel Margot
31%
1 RF Max Kepler
31%
2 RF Michael Conforto
31%
3 1B Andrew Vaughn
30%
2 3B Jean Segura
30%
6 LF Mark Canha
30%
8 C Mike Zunino
30%
1 2B Brendon Donovan
29%
8 C Gabriel Moreno
28%
2 DH Jesse WInker
28%
1 2B Tony Kemp
28%
5 DH Trey Mancini
28%
6 2B Thairo Estrada
27%
3 3B Wilmer Flores
27%
6 LF Alex Call
26%
7 1B Joey Gallo
26%
9 C Logan O'Hoppe
26%
7 3B Spencer Steer
26%
5 CF Adam Duvall
25%
7 1B Brandon Drury
25%
4 C Eric Haase
25%
7 2B Miguel Vargas
25%
6 2B Ryan McMahon
25%
5 CF Mike Yastrzemski
24%
9 2B Mauricio Dubón
23%
2 RF MJ Melendez
23%
6 LF Andrew Benintendi
22%
9 C Austin Hedges
22%
9 2B Brice Turang
22%
8 LF Jake Cave
22%
6 2B Luis Rengifo
22%
6 SS Nick Ahmed
22%
9 C Omar Narváez
22%
4 1B Vinnie Pasquantino
22%
7 LF Jarred Kelenic
21%
9 SS Joey Wendle
21%
1 DH Kyle Lewis
21%
6 LF David Peralta
20%
7 CF Garrett Mitchell
20%
8 C Reese McGuire
20%
7 2B Christian Arroyo
19%
8 C Christian Vázquez
19%
8 2B Elvis Andrus
19%
8 SS Gio Urshela
19%
8 2B Jonathan Schoop
19%
1 RF Matt Vierling
19%
9 RF Romy González
19%
4 LF Seth Brown
19%
6 RF Wil Myers
19%
6 LF Austin Meadows
18%
8 DH Brad Miller
18%
9 RF David Dahl
18%
7 CF Jack Suwinski
18%
9 RF Jake McCarthy
18%
7 RF Robbie Grossman
18%
8 LF Harold Castro
17%
7 3B Hunter Dozier
17%
3 DH Jake Fraley
17%
5 1B Jesús Aguilar
17%
7 CF Jake Meyers
16%
8 LF Blake Sabol
15%
7 3B Jace Peterson
15%
6 RF Ramón Laureano
15%
8 C Shea Langeliers
15%
5 DH Franmil Reyes
14%
8 CF Kyle Isbel
14%
5 3B Jose Miranda
13%
8 LF Will Benson
13%
6 2B Nick Gordon
11%
8 DH Tommy La Stella
11%
2 CF TJ Freidl
10%
7 RF Will Brennan
10%
1 CF Yonathan Daza
10%
6 2B Michael Massey
9%
9 LF Edward Olivares
8%
5 3B Elehuris Montero
8%
9 SS Jose Barrero
7%
9 RF Miles Mastrobuoni
7%
5 RF Canaan Smith-Njigba
6%
2 DH Conner Capel
6%
5 1B Jason Vosler
6%
9 3B Ryan Kreidler
5%
9 SS Ezequiel Toval
1%
4 LF Trevor Lanarch
1%
No matching quizzes found
Score Distribution
Percent of People with Each Score
Percentile by Number Answered
Your Score History
You have not taken this quiz